| 000 | 00877nam a2200265 a 4500 | ||
|---|---|---|---|
| 001 | 54751 | ||
| 003 | BD-RjUL | ||
| 005 | 20211209080150.0 | ||
| 008 | 161110s1953 nyua 001 0 eng u | ||
| 035 | _a(BD-RjUL)54873 | ||
| 040 |
_aCSU _dUKM _dEQO _dBD-RjUL _beng _cBD-RjUL |
||
| 041 | _aeng | ||
| 082 |
_a658.8 _223 _bDUM 1953 |
||
| 100 | 1 |
_aDuddy, Edward A. _q(Edward Augustin), _d1884-1966 _9163245 |
|
| 245 | 0 | 0 |
_aMarketing : _ban institutional approach / _c[by] Edward A. Duddy [and] David A. Revzan. |
| 250 | _a2nd ed. | ||
| 260 |
_aNew York : _bMcGraw-Hill, _cc1953. |
||
| 300 |
_axiv, 644 p. : _bill. ; _c24 cm. |
||
| 490 | 1 | _aBusiness and economics publications | |
| 500 | _aIncludes index | ||
| 650 | 0 |
_aMarketing _9163246 |
|
| 700 | 1 |
_aRevzan, David A. _q(David Allen), _d1909-1988 _9163247 |
|
| 830 | 0 |
_aBusiness and economics publications _9139688 |
|
| 942 |
_2ddc _cBK |
||
| 999 |
_c54751 _d54751 |
||